000 00526nam a2200217Ia 4500
001 951
003 GE_BSU
008 181216s||||||||xx |||||||||||||| ||und||
040 _cGE_BSU
080 _a57(075.8)
100 _aЛакин,Г.Ф.
245 _aБиометрия
245 _bУч-к для студ.ун-тов и пед. ин-тов
260 _aМосква
260 _bВысш. школа
260 _c1973
300 _a344стр.
541 _h10л.
653 _aБиометрия
942 _cBK
999 _c35110
_d35110